000 00249nam a2200109Ia 4500
008 220714s9999 xx 000 0 und d
020 _a0 799347256
082 _aAF LOUW
100 _aLUBBE A
_9142288
245 0 _aPRYS VAN DIE LIEFDE
942 _cBK
_y561
_zJohn Tresidder
999 _c713289
_d713288